| 000 | 00778nam a22002177a 4500 | ||
|---|---|---|---|
| 999 |
_c20058 _d20058 |
||
| 003 | AR-CdUCM | ||
| 008 | 190222b ||||| |||| 00| 0 spa d | ||
| 040 |
_aMUNICIPALIDAD PROVINCIAL DEL CUSCO _cBIBLIOTECA MUNICIPAL DEL CUSCO |
||
| 082 |
_a861.08 / _bA59 |
||
| 110 |
_aAntología de los mejores poetas Castellanos _941968 |
||
| 245 | _aAntología de los mejores poetas Castellanos / | ||
| 260 |
_aLondres : _bTomas Nelson and Sons, _c1912. |
||
| 300 |
_a473 paginas ; _c16.5 cm. |
||
| 505 | _aContenido : Biografías -- Poema del Cid -- Romances viejos -- Gonzalo de Berceo -- El Arcipreste de Hita... | ||
| 650 |
_aLiteratura _9416 |
||
| 650 |
_aBiografía _922 |
||
| 650 |
_aObras _96865 |
||
| 700 |
_aRafael Mesa y Lópes _91209 |
||
| 942 |
_2ddc _cLIBROS |
||
| 945 | _arcc | ||